The passover plot / (Record no. 34053)

MARC details
000 -LEADER
fixed length control field 01211cam a2200301 a 4500
001 - CONTROL NUMBER
control field 13743508
005 - DATE AND TIME OF LATEST TRANSACTION
control field 20090223134534.0
008 - FIXED-LENGTH DATA ELEMENTS--GENERAL INFORMATION
fixed length control field 041007r20051965nyu b 001 0beng
010 ## - LIBRARY OF CONGRESS CONTROL NUMBER
LC control number 2004114763
020 ## - INTERNATIONAL STANDARD BOOK NUMBER
International Standard Book Number 1932857095 (alk. paper)
040 ## - CATALOGING SOURCE
Original cataloging agency DLC
Transcribing agency DLC
Modifying agency DLC
050 00 - LIBRARY OF CONGRESS CALL NUMBER
Classification number BT301.3
Item number .S36 2005
100 1# - MAIN ENTRY--PERSONAL NAME
Personal name Schonfield, Hugh J.
Fuller form of name (Hugh Joseph),
Dates associated with a name 1901-1988.
600 00 - SUBJECT ADDED ENTRY--PERSONAL NAME
Personal name Jesus Christ
600 00 - SUBJECT ADDED ENTRY--PERSONAL NAME
Personal name Jesus Christ
600 00 - SUBJECT ADDED ENTRY--PERSONAL NAME
Personal name Jesus Christ
600 00 - SUBJECT ADDED ENTRY--PERSONAL NAME
Personal name Jesus Christ
245 14 - TITLE STATEMENT
Title The passover plot /
Statement of responsibility, etc Hugh J. Schonfield.
250 ## - EDITION STATEMENT
Edition statement 40th anniversary ed.
260 ## - PUBLICATION, DISTRIBUTION, ETC. (IMPRINT)
Place of publication, distribution, etc New York :
Name of publisher, distributor, etc Disinformation Co. ;
Place of publication, distribution, etc St. Paul, MN :
Name of publisher, distributor, etc Distributed by Consortium Book Sales and Distribution,
Date of publication, distribution, etc 2005.
300 ## - PHYSICAL DESCRIPTION
Extent 278 p. ;
Dimensions 22 cm.
500 ## - GENERAL NOTE
General note Originally published: London : Hutchinson, 1965.
504 ## - BIBLIOGRAPHY, ETC. NOTE
Bibliography, etc Includes bibliographical references (p. [277]-281) and index.
600 00 - SUBJECT ADDED ENTRY--PERSONAL NAME
Form subdivision Biography.
600 00 - SUBJECT ADDED ENTRY--PERSONAL NAME
General subdivision Messiahship.
600 00 - SUBJECT ADDED ENTRY--PERSONAL NAME
General subdivision Jewish interpretations.
600 00 - SUBJECT ADDED ENTRY--PERSONAL NAME
General subdivision Passion
-- Role of Jews.
906 ## - LOCAL DATA ELEMENT F, LDF (RLIN)
a 7
b cbc
c origcop
d 2
e epcn
f 20
g y-gencatlg
942 ## - ADDED ENTRY ELEMENTS (KOHA)
Source of classification or shelving scheme Library of Congress Classification
Item type Book
Holdings
Withdrawn status Lost status Source of classification or shelving scheme Damaged status Not for loan Collection code Home library Current library Shelving location Date acquired Total Checkouts Full call number Barcode Price effective from Koha item type
    Library of Congress Classification     Non-fiction Bishop Okullu Memorial Library (Limuru Campus) Bishop Okullu Memorial Library (Limuru Campus) General Circulation 23/03/2009   BT301.3 .S36 2005 003646 23/03/2009 Book